000 01251nam a2200313 c 4500
999 _c188836
_d188836
003 BLK
005 20221207135412.0
008 180411b bul|||||r ||||||| ||bul||
010 _aKNG00197855000
040 _aBLK
041 _aBUL
_cBUL
080 _aАмериканска литература (на САЩ)
_b821.111(73)
_x-31
_z821.111(73)-31
100 1 _aЧийвър, Джон
_eпърви автор
_9141744
139 _aЧийвър, Джон
_bЧ 79
245 1 0 _aХроника на Уапшотови
_bРоман : Кн. 1 -
_cДжон Чийвър; прев. от англ. и предг. Кръстан Дянков.
_nКн. 1.
250 _a2. изд.
257 _aBGR
260 _aСофия
_bХристо Г. Данов
_c1980
300 _c20 см
380 _aX
500 _aОриг. загл. The Wapshot chronicle. - Кор. Уапшотови. - 80 600 тир. - 1. изд. 1970.
700 1 _aДянков, Кръстан
_eпрев. от англ. и предг.
_9365804
760 1 _aЧийвър, Джон
_b2. изд.
_d1980
_h304 с.
_tКн. 1.
852 _aЦб 105443
856 4 _qpdf
_i0.00
_ldisable
856 4 _qpdf
_i0.00
_ldisable
942 _cKNG
_n0
_s1
944 _aCR
_c12.12.2016
_kНора_Радева
944 _aED
_c12.12.2016
_kНора_Радева
999 _d188836